[Event "POL-chT 1st League"]
[Site "Darlowo"]
[Date "2024.09.22"]
[Round "9.24"]
[White "Fraczek, Weronika"]
[Black "Orlik, Sandra"]
[Result "1-0"]
[WhiteElo "1873"]
[BlackElo "1917"]
[PlyCount "87"]
[EventDate "2024.09.14"]
[EventType "team-swiss"]
[EventRounds "9"]
[EventCountry "POL"]
[SourceTitle "EXT 2025"]
[Source "ChessBase"]
[SourceDate "2024.10.14"]
[SourceVersion "1"]
[SourceVersionDate "2024.10.14"]
[SourceQuality "1"]

1. e4 c5 2. Nf3 a6 3. d4 cxd4 4. Nxd4 Nf6 5. Bd3 e5 6. Nb3 d5 7. N1d2 Nc6 8. 0-0 Be7 9. c3 0-0 10. Qe2 Qc7 11. exd5 Nxd5 12. Bxh7+ Kxh7 13. Qd3+ f5 14. Qxd5 Rf6 15. Nf3 Rg6 16. h4 Be6 17. Qd1 Rd8 18. Nfd4 f4 19. Qh5+ Rh6 20. Nxe6 Rxh5 21. Nxc7 Rh6 22. c4 b5 23. cxb5 axb5 24. Nxb5 Rxh4 25. g3 Rh5 26. g4 Rh4 27. f3 Rd3 28. Kg2 e4 29. Bxf4 exf3+ 30. Rxf3 Rd5 31. Nc3 Rxg4+ 32. Rg3 Rxg3+ 33. Bxg3 Rd3 34. Rh1+ Kg6 35. Re1 Bf6 36. Nc1 Rd8 37. N1e2 Rd2 38. Rb1 Nd4 39. Kf1 Nxe2 40. Nxe2 Rxb2 41. Rxb2 Bxb2 42. a4 Ba3 43. a5 Bc5 44. Bf2 1-0

[Event "POL-chT 1st League"]
[Site "Darlowo"]
[Date "2024.09.20"]
[Round "7.24"]
[White "Fraczek, Weronika"]
[Black "Giefert, Sara"]
[Result "0-1"]
[WhiteElo "1873"]
[BlackElo "1822"]
[PlyCount "118"]
[EventDate "2024.09.14"]
[EventType "team-swiss"]
[EventRounds "9"]
[EventCountry "POL"]
[SourceTitle "EXT 2025"]
[Source "ChessBase"]
[SourceDate "2024.10.14"]
[SourceVersion "1"]
[SourceVersionDate "2024.10.14"]
[SourceQuality "1"]

1. e4 c5 2. Nf3 d6 3. d4 cxd4 4. Nxd4 Nf6 5. Nc3 a6 6. Bc4 e6 7. 0-0 b5 8. Bb3 Be7 9. Qf3 Qb6 10. Be3 Qb7 11. Qg3 0-0 12. Bh6 Ne8 13. Rad1 Bd7 14. Rfe1 b4 15. Nce2 Nc6 16. Nxc6 Bxc6 17. f3 a5 18. Bc4 Rc8 19. Bd3 Bf6 20. b3 Qe7 21. Qg4 Nc7 22. Be3 Bd7 23. f4 e5 24. f5 d5 25. Ng3 d4 26. Bc1 Kh8 27. Nh5 h6 28. Qh3 Bg5 29. Bb2 Nb5 30. Bc4 Nd6 31. Bd3 Rc7 32. Qf3 Bb5 33. Bxb5 Nxb5 34. Qd3 Nc3 35. Ra1 Rfc8 36. a4 bxa3 37. Bxa3 Qd7 38. Qg3 f6 39. Qd3 Be3+ 40. Kf1 Nb5 41. Re2 Rc3 42. Qd1 Qc6 43. Nxg7 Kxg7 44. Rxe3 Rxe3 45. Qg4+ Kh8 46. Qh4 Kh7 47. Be7 Rxe4 48. Qh5 Qe8 49. Qxe8 Rxe8 50. Bxf6 Rf4+ 51. Ke2 Rxf5 52. Bh4 e4 53. g4 Nc3+ 54. Kd2 Rc5 55. Bf6 Rd5 56. h4 Rf8 57. g5 hxg5 58. hxg5 Kg6 59. Rh1 Nb5 0-1

[Event "POL-chT 1st League"]
[Site "Leba"]
[Date "2023.10.01"]
[Round "9.7"]
[White "Fraczek, Weronika"]
[Black "Smietanska, Wiktoria"]
[Result "1/2-1/2"]
[WhiteElo "1881"]
[BlackElo "2071"]
[PlyCount "115"]
[EventDate "2023.09.23"]
[EventType "team-swiss"]
[EventRounds "9"]
[EventCountry "POL"]
[SourceTitle "CBM 216 Extra"]
[Source "ChessBase"]
[SourceDate "2023.11.30"]
[SourceVersion "1"]
[SourceVersionDate "2023.11.30"]
[SourceQuality "1"]
[WhiteTeam "Lublin LKSz"]
[BlackTeam "Wroclaw Polonia"]
[WhiteTeamCountry "POL"]
[BlackTeamCountry "POL"]

1. e4 c6 2. Nc3 d5 3. Nf3 Bg4 4. h3 Bxf3 5. Qxf3 Nf6 6. d3 e6 7. a3 Nbd7 8. g3 Be7 9. Bg2 d4 10. Nb1 c5 11. Nd2 0-0 12. 0-0 b5 13. b3 Rc8 14. Qe2 Qc7 15. f4 Nb6 16. Nf3 Rfd8 17. Bd2 Nfd7 18. Kh2 Nb8 19. Qf2 Nc6 20. Rfc1 a5 21. Bf1 Ra8 22. c3 dxc3 23. Bxc3 Qb7 24. d4 cxd4 25. Bxd4 Nxd4 26. Nxd4 b4 27. Nc6 Re8 28. Nxe7+ Rxe7 29. axb4 Nd7 30. bxa5 Qxb3 31. e5 Nf8 32. a6 Raa7 33. Rab1 Qa3 34. Qb6 Red7 35. Rb2 g6 36. Rc8 Qa1 37. Qb4 Re7 38. Kg2 Kg7 39. Qb8 Ra8 40. Qxa8 Qxb2+ 41. Kf3 Qb3+ 42. Kf2 Qb6+ 43. Kg2 Rd7 44. Rc2 Qd4 45. Qf3 Qa4 46. Rf2 Rc7 47. Rb2 Nd7 48. Qe2 Qc6+ 49. Kh2 Nc5 50. Ra2 Ra7 51. Qc2 Qb6 52. Rb2 Qc7 53. Ra2 h5 54. Qc3 Qb6 55. Rb2 Qc7 56. Ra2 Qb6 57. Rb2 Qc7 58. Rb7 1/2-1/2

[Event "POL-chT 1st League"]
[Site "Leba"]
[Date "2023.09.28"]
[Round "6.10"]
[White "Fraczek, Weronika"]
[Black "Chmiel, Dominika"]
[Result "1/2-1/2"]
[WhiteElo "1881"]
[BlackElo "1925"]
[PlyCount "52"]
[EventDate "2023.09.23"]
[EventType "team-swiss"]
[EventRounds "9"]
[EventCountry "POL"]
[SourceTitle "CBM 216 Extra"]
[Source "ChessBase"]
[SourceDate "2023.11.30"]
[SourceVersion "1"]
[SourceVersionDate "2023.11.30"]
[SourceQuality "1"]
[WhiteTeam "Lublin LKSz"]
[BlackTeam "Chroscice Victoria"]
[WhiteTeamCountry "POL"]
[BlackTeamCountry "POL"]

1. e4 e5 2. Nf3 Nc6 3. Bb5 a6 4. Ba4 Nf6 5. d3 b5 6. Bb3 Bc5 7. 0-0 d6 8. c3 0-0 9. Nbd2 Bb6 10. a4 Bd7 11. axb5 axb5 12. Rxa8 Qxa8 13. Nh4 Ne7 14. h3 Ng6 15. Nxg6 hxg6 16. Nf3 Qc8 17. Kh2 c5 18. Qe2 Be6 19. Bc2 Nh7 20. Ng5 Nxg5 21. Bxg5 f6 22. Be3 g5 23. f3 Qa6 24. Qd2 b4 25. c4 Ra8 26. b3 Qb7 1/2-1/2

[Event "POL-chT 1st League"]
[Site "Leba"]
[Date "2023.09.24"]
[Round "2.6"]
[White "Terbe, Julianna"]
[Black "Fraczek, Weronika"]
[Result "1-0"]
[WhiteElo "2304"]
[BlackElo "1881"]
[PlyCount "60"]
[EventDate "2023.09.23"]
[EventType "team-swiss"]
[EventRounds "9"]
[EventCountry "POL"]
[SourceTitle "CBM 216 Extra"]
[Source "ChessBase"]
[SourceDate "2023.11.30"]
[SourceVersion "1"]
[SourceVersionDate "2023.11.30"]
[SourceQuality "1"]
[WhiteTeam "Jastrzebie Zdroj Pionier"]
[BlackTeam "Lublin LKSz"]
[WhiteTeamCountry "POL"]
[BlackTeamCountry "POL"]

1. d4 d5 2. Nf3 Nf6 3. c4 c6 4. g3 Bf5 5. Nc3 e6 6. Nh4 Bg6 7. Nxg6 hxg6 8. Qd3 Nbd7 9. Bg2 Bd6 10. 0-0 Rc8 11. Rd1 dxc4 12. Qxc4 e5 13. dxe5 Bxe5 14. h3 0-0 15. e4 b5 16. Qb3 Qc7 17. Be3 Rfe8 18. Ne2 Bd6 19. Rac1 Bf8 20. Qc2 c5 21. b3 a6 22. a4 c4 23. axb5 axb5 24. Nd4 Qb8 25. bxc4 Rxc4 26. Qb1 Rb4 27. Qd3 Ne5 28. Qe2 Rc4 29. Rb1 Rc7 30. Nxb5 Rb7 1-0

[Event "POL-chT 1st League"]
[Site "Sypniewo"]
[Date "2022.09.11"]
[Round "9.10"]
[White "Fraczek, Weronika"]
[Black "Bukowska, Katarzyna"]
[Result "1/2-1/2"]
[WhiteElo "1859"]
[BlackElo "1801"]
[PlyCount "139"]
[EventDate "2022.09.03"]
[EventType "team-swiss"]
[EventRounds "9"]
[EventCountry "POL"]
[SourceTitle "CBM 210 Extra"]
[Source "ChessBase"]
[SourceDate "2022.11.30"]
[SourceVersion "1"]
[SourceVersionDate "2022.11.30"]
[SourceQuality "1"]
[WhiteTeam "Lublin LKSz"]
[BlackTeam "Konin Hetman"]
[WhiteTeamCountry "POL"]
[BlackTeamCountry "POL"]

1. e4 e5 2. Nf3 Nc6 3. Bb5 a6 4. Ba4 Nf6 5. d3 b5 6. Bb3 Be7 7. Nbd2 0-0 8. 0-0 d6 9. c3 Na5 10. Bc2 c5 11. Re1 Nc6 12. Nf1 h6 13. Qe2 Be6 14. Ng3 Re8 15. Be3 Bf8 16. d4 cxd4 17. cxd4 exd4 18. Nxd4 Nxd4 19. Bxd4 Rc8 20. Qd3 g6 21. b3 Bg7 22. Bd1 Nh7 23. Bxg7 Kxg7 24. Be2 Nf6 25. Rad1 Qa5 26. Rd2 Red8 27. Qd4 d5 28. b4 Qc7 29. Qb2 Qc3 30. Qxc3 Rxc3 31. e5 Nd7 32. Bf1 Rdc8 33. a4 Rc1 34. Rxc1 Rxc1 35. axb5 axb5 36. f4 Rb1 37. Ne2 Rxb4 38. Nd4 Nc5 39. Bxb5 Rb1+ 40. Bf1 Ne4 41. Nxe6+ fxe6 42. Rd4 g5 43. f5 exf5 44. Rxd5 Kf7 45. g4 Ke6 46. Rb5 Rxb5 47. gxf5+ Kxf5 48. Bxb5 Kxe5 49. Be2 Kf4 50. Kg2 Nf6 51. h3 h5 52. Bd1 h4 53. Bf3 Ne4 54. Bg4 Nc3 55. Kf2 Ne4+ 56. Kg2 Ke3 57. Bf5 Nf6 58. Be6 Nh5 59. Bg4 Nf4+ 60. Kf1 Nd3 61. Kg2 Nf2 62. Bh5 Ne4 63. Bg4 Kf4 64. Bd1 Nf6 65. Kf2 Nd5 66. Bf3 Ne3 67. Bh5 g4 68. Bxg4 Nxg4+ 69. hxg4 Kxg4 70. Kg2 1/2-1/2

[Event "POL-chT 1st League"]
[Site "Sypniewo"]
[Date "2022.09.08"]
[Round "6.8"]
[White "Szelag, Zuzanna"]
[Black "Fraczek, Weronika"]
[Result "1/2-1/2"]
[WhiteElo "1843"]
[BlackElo "1859"]
[PlyCount "45"]
[EventDate "2022.09.03"]
[EventType "team-swiss"]
[EventRounds "9"]
[EventCountry "POL"]
[SourceTitle "CBM 210 Extra"]
[Source "ChessBase"]
[SourceDate "2022.11.30"]
[SourceVersion "1"]
[SourceVersionDate "2022.11.30"]
[SourceQuality "1"]
[WhiteTeam "Chrobry Gniezno"]
[BlackTeam "Lublin LKSz"]
[WhiteTeamCountry "POL"]
[BlackTeamCountry "POL"]

1. e4 c5 2. Nf3 e6 3. d4 cxd4 4. Nxd4 a6 5. Bd3 Nc6 6. Nxc6 dxc6 7. 0-0 e5 8. Nd2 Qc7 9. a4 Be6 10. Bc4 Bxc4 11. Nxc4 Nf6 12. Qe2 b5 13. Ne3 g6 14. Ng4 Nxg4 15. Qxg4 Bg7 16. Rd1 0-0 17. Rd7 Qc8 18. h3 f5 19. Qd1 Rd8 20. Rxd8+ Qxd8 21. Qxd8+ Rxd8 22. Bg5 Rd6 23. axb5 1/2-1/2

[Event "POL-chT 1st League"]
[Site "Sypniewo"]
[Date "2022.09.06"]
[Round "4.6"]
[White "Barwinska, Ewa"]
[Black "Fraczek, Weronika"]
[Result "1-0"]
[WhiteElo "1967"]
[BlackElo "1859"]
[PlyCount "51"]
[EventDate "2022.09.03"]
[EventType "team-swiss"]
[EventRounds "9"]
[EventCountry "POL"]
[SourceTitle "CBM 210 Extra"]
[Source "ChessBase"]
[SourceDate "2022.11.30"]
[SourceVersion "1"]
[SourceVersionDate "2022.11.30"]
[SourceQuality "1"]
[WhiteTeam "Konin UKS Smecz"]
[BlackTeam "Lublin LKSz"]
[WhiteTeamCountry "POL"]
[BlackTeamCountry "POL"]

1. e4 c5 2. Nf3 e6 3. d4 cxd4 4. Nxd4 a6 5. Bd3 Nc6 6. Nxc6 dxc6 7. Nd2 Bc5 8. 0-0 Ne7 9. a4 e5 10. Nc4 Qc7 11. a5 Be6 12. Qh5 Ng6 13. Kh1 f6 14. f4 Bf7 15. Qe2 0-0-0 16. Qg4+ Kb8 17. f5 Bxc4 18. Bxc4 Nf8 19. b4 Bd4 20. Ra3 Qe7 21. Rd3 Rd7 22. Ba3 Qe8 23. Rfd1 Kc7 24. c3 h5 25. Qg3 h4 26. Qg4 1-0

[Event "POL-ch Academic (Women)"]
[Site "Chorzow"]
[Date "2022.04.02"]
[Round "9"]
[White "Fraczek, Weronika"]
[Black "Dwilewicz, Agata"]
[Result "0-1"]
[WhiteElo "1880"]
[BlackElo "1715"]
[PlyCount "190"]
[EventDate "2022.04.01"]
[EventType "swiss (rapid)"]
[EventRounds "9"]
[EventCountry "POL"]
[SourceTitle "EXT 2024"]
[Source "ChessBase"]
[SourceDate "2023.10.10"]
[SourceVersion "1"]
[SourceVersionDate "2023.10.10"]
[SourceQuality "1"]

1. e4 e5 2. Nf3 Nc6 3. Bb5 a6 4. Ba4 Nf6 5. d3 b5 6. Bb3 Be7 7. Nbd2 0-0 8. c3 d5 9. 0-0 Bb7 10. Qe2 dxe4 11. dxe4 Qd7 12. Rd1 Bd6 13. Nf1 Qe7 14. Ng3 Bc8 15. Nh4 Bg4 16. f3 Bc5+ 17. Kh1 Be6 18. Nhf5 Qe8 19. Bg5 Nd7 20. Nh5 Bxf5 21. exf5 Kh8 22. f6 g6 23. Ng3 Na5 24. Bc2 Nc4 25. b3 Nd6 26. Ne4 Nxe4 27. Bxe4 Rd8 28. Bc6 Qe6 29. Bd5 Qf5 30. Bh6 Nxf6 31. Be4 Qe6 32. Bxf8 Rxf8 33. Rd2 b4 34. cxb4 Bxb4 35. Rc2 Bd6 36. Rd1 a5 37. Bd3 Nh5 38. Bc4 Qe7 39. g3 f5 40. Qd2 f4 41. g4 Nf6 42. Bd3 e4 43. fxe4 Nxg4 44. Qc3+ Be5 45. Qe1 Ne3 46. Rf2 Nxd1 47. Qxd1 Qh4 48. Qc2 f3 49. Bf1 Bd4 50. Rd2 c5 51. Qd3 f2 52. Qg3 Qxe4+ 53. Qg2 Qe3 54. Re2 Qf4 55. Re7 Bf6 56. Rd7 Qf5 57. Rb7 Bd4 58. Rc7 Qe5 59. Rd7 Qe6 60. Rb7 Be3 61. Bc4 Qf6 62. Bf1 a4 63. Qh3 h5 64. Qg2 Rf7 65. Rb8+ Kh7 66. bxa4 h4 67. a5 Qe5 68. Rb6 Qf5 69. a6 c4 70. a7 Bxb6 71. a8Q c3 72. Qa4 Qf6 73. Qc4 Rc7 74. Qb3 c2 75. a4 c1Q 76. Qb5 Qc5 77. Qe2 Qce5 78. Qa6 Ra7 79. Qc8 Rc7 80. Qca8 Ra7 81. Qc8 Rxa4 82. Qc2 Rf4 83. Qc8 Qee6 84. Qcb7+ Qef7 85. Qa8 Qf8 86. Qab7+ Q8f7 87. Qa8 Bd4 88. Qa3 Bb2 89. Qah3 Be5 90. Qd3 Qf5 91. Qd8 Q5f6 92. Qda8 Q7e7 93. Qgd5 Qff7 94. Qd3 Qb7+ 95. Qxb7 Qxb7+ 0-1

[Event "POL-ch Academic (Women)"]
[Site "Chorzow"]
[Date "2022.04.02"]
[Round "7"]
[White "Fraczek, Weronika"]
[Black "Sliwicka, Alicja"]
[Result "0-1"]
[WhiteElo "1880"]
[BlackElo "2130"]
[PlyCount "82"]
[EventDate "2022.04.01"]
[EventType "swiss (rapid)"]
[EventRounds "9"]
[EventCountry "POL"]
[SourceTitle "EXT 2024"]
[Source "ChessBase"]
[SourceDate "2023.10.10"]
[SourceVersion "1"]
[SourceVersionDate "2023.10.10"]
[SourceQuality "1"]

1. e4 c5 2. b3 Nc6 3. Bb2 e6 4. Nf3 d5 5. exd5 exd5 6. d4 Nf6 7. Be2 Be6 8. 0-0 Be7 9. Nbd2 0-0 10. dxc5 Bxc5 11. Ne5 Nd7 12. Nd3 Bd6 13. f4 Bf5 14. Kh1 Qh4 15. Nf3 Qh6 16. Nfe5 Nf6 17. Ng4 Nxg4 18. Bxg4 Bxg4 19. Qxg4 d4 20. c3 dxc3 21. Bxc3 Qg6 22. Qh3 f6 23. Qe6+ Qf7 24. Qg4 Rad8 25. Rad1 Rfe8 26. Rf3 Bf8 27. Rh3 Ne7 28. f5 Nd5 29. Qh4 h6 30. Ba5 b6 31. Be1 Ne3 32. Rd2 Nxf5 33. Qf2 Qe6 34. Rd1 Ne3 35. Rd2 Ng4 36. Qf1 Rxd3 37. Rhxd3 Qxe1 38. Rf3 Qxd2 39. Qc4+ Kh8 40. Rf1 Nf2+ 41. Kg1 Bc5 0-1

[Event "POL-ch Academic (Women)"]
[Site "Chorzow"]
[Date "2022.04.02"]
[Round "6"]
[White "Jedras, Adrianna"]
[Black "Fraczek, Weronika"]
[Result "0-1"]
[WhiteElo "1384"]
[BlackElo "1880"]
[PlyCount "65"]
[EventDate "2022.04.01"]
[EventType "swiss (rapid)"]
[EventRounds "9"]
[EventCountry "POL"]
[SourceTitle "EXT 2024"]
[Source "ChessBase"]
[SourceDate "2023.10.10"]
[SourceVersion "1"]
[SourceVersionDate "2023.10.10"]
[SourceQuality "1"]

1. e4 g6 2. d3 Bg7 3. Nd2 d6 4. g3 c5 5. Bg2 Nc6 6. Ngf3 Bg4 7. 0-0 Qc8 8. c3 h5 9. h4 Nf6 10. Qb3 0-0 11. Re1 Be6 12. Qc2 Ng4 13. Ng5 Bd7 14. Nc4 b5 15. Ne3 Rb8 16. Rb1 b4 17. Bd2 Qa6 18. Ra1 Nge5 19. Bf1 Qc8 20. f4 Ng4 21. Kg2 f6 22. Nf3 a5 23. b3 Qb7 24. c4 Nh6 25. Rab1 e5 26. f5 gxf5 27. exf5 Nd4 28. Qd1 Bc6 29. Be2 Nhxf5 30. Nxf5 Nxf5 31. Kh2 Qf7 32. Ng1 Qg6 33. Nf3 0-1

[Event "POL-chT 2nd League"]
[Site "Sypniewo"]
[Date "2021.09.12"]
[Round "9.4"]
[White "Fraczek, Weronika"]
[Black "Kindler, Karolina"]
[Result "1-0"]
[WhiteElo "1830"]
[BlackElo "1805"]
[PlyCount "107"]
[EventDate "2021.09.04"]
[EventType "team-swiss"]
[EventRounds "9"]
[EventCountry "POL"]
[SourceTitle "CBM 204 Extra"]
[Source "ChessBase"]
[SourceDate "2021.11.30"]
[SourceVersion "1"]
[SourceVersionDate "2021.11.30"]
[SourceQuality "1"]
[WhiteTeam "Lublin Drakon SKOK Chmielewskiego"]
[BlackTeam "Bydgoszcz Hetman"]
[WhiteTeamCountry "POL"]
[BlackTeamCountry "POL"]

1. e4 c5 2. Nf3 e6 3. d4 cxd4 4. Nxd4 Nf6 5. Nc3 d6 6. g4 h6 7. Rg1 Nc6 8. Be3 d5 9. Bb5 Bd7 10. exd5 Nxd5 11. Nxd5 exd5 12. Qe2 Be7 13. 0-0-0 a6 14. Bd3 Nb4 15. a3 Nxd3+ 16. Qxd3 Kf8 17. Nf5 Be6 18. Nxe7 Qxe7 19. f4 Bd7 20. Bd2 Qe4 21. Qxd5 Bc6 22. Qxe4 Bxe4 23. Bb4+ Kg8 24. Rd4 Bc6 25. f5 Kh7 26. g5 Rhe8 27. Rh4 Re4 28. Rh5 Rf4 29. gxh6 g6 30. fxg6+ fxg6 31. Re5 Re8 32. Rxe8 Bxe8 33. Re1 Bf7 34. Bd2 Rf2 35. h4 Rxd2 36. Kxd2 Kxh6 37. Re5 Bc4 38. Ke3 Bf1 39. Kf4 Bg2 40. Rg5 Bc6 41. Ke5 Bf3 42. Kf6 Be4 43. c4 Bd3 44. Rc5 Be4 45. b4 Bd3 46. b5 axb5 47. cxb5 Be4 48. a4 Bd3 49. a5 Be2 50. Rg5 Bd3 51. Ke7 Kg7 52. h5 Kh6 53. Rxg6+ Kxh5 54. Rb6 1-0

[Event "POL-chT 2nd League"]
[Site "Sypniewo"]
[Date "2021.09.10"]
[Round "7.3"]
[White "Guzik, Jan"]
[Black "Fraczek, Weronika"]
[Result "1/2-1/2"]
[WhiteElo "1979"]
[BlackElo "1830"]
[PlyCount "94"]
[EventDate "2021.09.04"]
[EventType "team-swiss"]
[EventRounds "9"]
[EventCountry "POL"]
[SourceTitle "CBM 204 Extra"]
[Source "ChessBase"]
[SourceDate "2021.11.30"]
[SourceVersion "1"]
[SourceVersionDate "2021.11.30"]
[SourceQuality "1"]
[WhiteTeam "Jaworzno"]
[BlackTeam "Lublin Drakon SKOK Chmielewskiego"]
[WhiteTeamCountry "POL"]
[BlackTeamCountry "POL"]

1. d4 Nf6 2. c4 e6 3. Nc3 Bb4 4. Nf3 0-0 5. e3 Ne4 6. Qc2 f5 7. Bd3 Ng5 8. Nxg5 Qxg5 9. 0-0 c5 10. a3 Bxc3 11. Qxc3 Qf6 12. b4 b6 13. Bb2 cxd4 14. Qxd4 Qxd4 15. Bxd4 Nc6 16. Bb2 Bb7 17. Rfd1 d6 18. Be2 Rad8 19. Bf3 g5 20. Rac1 Kf7 21. Rc2 Ke7 22. h3 Rd7 23. Rcd2 Rfd8 24. Bc3 Nb8 25. Be2 Nc6 26. f4 Rg8 27. Bf3 gxf4 28. exf4 Nd8 29. Kf2 h5 30. c5 Bxf3 31. cxd6+ Rxd6 32. Rxd6 Bxd1 33. Rxd1 Nf7 34. b5 e5 35. Bxe5 Nxe5 36. Re1 Rc8 37. Rxe5+ Kf6 38. Re3 h4 39. g3 Rc5 40. Rb3 Rc2+ 41. Kf3 Rh2 42. Rc3 Rxh3 43. Kg2 Rxg3+ 44. Rxg3 hxg3 45. Kxg3 Kg6 46. Kf3 Kh5 47. Kg3 Kg6 1/2-1/2

[Event "POL-chT 2nd League"]
[Site "Sypniewo"]
[Date "2021.09.06"]
[Round "3.2"]
[White "Fraczek, Weronika"]
[Black "Starosta, Martyna"]
[Result "1/2-1/2"]
[WhiteElo "1830"]
[BlackElo "1809"]
[PlyCount "74"]
[EventDate "2021.09.04"]
[EventType "team-swiss"]
[EventRounds "9"]
[EventCountry "POL"]
[SourceTitle "CBM 204 Extra"]
[Source "ChessBase"]
[SourceDate "2021.11.30"]
[SourceVersion "1"]
[SourceVersionDate "2021.11.30"]
[SourceQuality "1"]
[WhiteTeam "Lublin Drakon SKOK Chmielewskiego"]
[BlackTeam "Opole Rodlo II"]
[WhiteTeamCountry "POL"]
[BlackTeamCountry "POL"]

1. e4 c5 2. Nf3 d6 3. d4 cxd4 4. Nxd4 Nf6 5. Nc3 a6 6. Bc4 e6 7. 0-0 b5 8. Bb3 Be7 9. Qf3 Qc7 10. Qg3 0-0 11. Bh6 Ne8 12. Rad1 Kh8 13. Be3 Bd7 14. f4 b4 15. Nce2 a5 16. c3 Nc6 17. cxb4 Nxb4 18. a3 Na6 19. Nc3 Nc5 20. Bc2 Rb8 21. Rb1 Bf6 22. Bf2 g6 23. b4 axb4 24. Rxb4 Ng7 25. Rfb1 Rfc8 26. Ncb5 Bxb5 27. Nxb5 Qd7 28. Nxd6 Rxb4 29. axb4 Nh5 30. Qe3 Qxd6 31. e5 Qd5 32. bxc5 Be7 33. Rb5 Qc4 34. Qd3 Bxc5 35. Bxc5 Rxc5 36. Rb8+ Kg7 37. Qd8 Kh6 1/2-1/2

[Event "POL-chT 2nd League"]
[Site "Sypniewo"]
[Date "2021.09.05"]
[Round "2.2"]
[White "Cyboran, Katarzyna"]
[Black "Fraczek, Weronika"]
[Result "0-1"]
[WhiteElo "1773"]
[BlackElo "1830"]
[PlyCount "48"]
[EventDate "2021.09.04"]
[EventType "team-swiss"]
[EventRounds "9"]
[EventCountry "POL"]
[SourceTitle "CBM 204 Extra"]
[Source "ChessBase"]
[SourceDate "2021.11.30"]
[SourceVersion "1"]
[SourceVersionDate "2021.11.30"]
[SourceQuality "1"]
[WhiteTeam "Chroscice Victoria"]
[BlackTeam "Lublin Drakon SKOK Chmielewskiego"]
[WhiteTeamCountry "POL"]
[BlackTeamCountry "POL"]

1. e4 c5 2. Nf3 e6 3. d4 cxd4 4. Nxd4 a6 5. Bd3 Nc6 6. Nxc6 dxc6 7. 0-0 e5 8. Nd2 Bc5 9. Nc4 f6 10. a4 Ne7 11. a5 Be6 12. Qe2 Ng6 13. g3 h5 14. Be3 Bxe3 15. Qxe3 h4 16. Qc5 Bxc4 17. Bxc4 hxg3 18. hxg3 Qd7 19. Kg2 Nh4+ 20. Kh2 Qg4 21. Rh1 Qf3 22. Bf1 Ng6+ 23. Bh3 Rxh3+ 24. Kxh3 Nf4+ 0-1

[Event "Poronin Tatra Limba op"]
[Site "Poronin"]
[Date "2021.05.23"]
[Round "2"]
[White "Malik, Maciej"]
[Black "Fraczek, Weronika"]
[Result "1/2-1/2"]
[WhiteElo "1958"]
[BlackElo "1867"]
[PlyCount "193"]
[EventDate "2021.05.22"]
[EventType "swiss"]
[EventRounds "9"]
[EventCountry "POL"]
[SourceTitle "EXT 2022"]
[Source "ChessBase"]
[SourceDate "2021.10.06"]
[SourceVersion "1"]
[SourceVersionDate "2021.10.06"]
[SourceQuality "1"]

1. d4 d5 2. Nf3 Nf6 3. e3 e6 4. Bd3 c5 5. b3 Be7 6. 0-0 0-0 7. Bb2 b6 8. Nbd2 Ba6 9. Ne5 Bxd3 10. cxd3 Nfd7 11. f4 f6 12. Nxd7 Qxd7 13. Qf3 cxd4 14. exd4 Rc8 15. Rac1 Na6 16. Qe2 Rxc1 17. Rxc1 Rc8 18. Rxc8+ Qxc8 19. Nf3 Kf7 20. a3 Nc7 21. Qc2 Qd7 22. g3 Nb5 23. a4 Qc7 24. Ne1 Qxc2 25. Nxc2 Nc7 26. Bc3 Ke8 27. Ne3 Na6 28. Kf2 Kd7 29. Ke2 g6 30. h3 Bb4 31. Bb2 Nc7 32. g4 f5 33. g5 Ne8 34. Nc2 Bd6 35. Kf3 Kc6 36. Bc3 a6 37. Bd2 Bf8 38. Ke3 Ng7 39. Bb4 Bxb4 40. Nxb4+ Kb7 41. Nc2 Ne8 42. Ne1 Nd6 43. b4 Nc8 44. Nf3 Kc7 45. h4 Kd6 46. Nh2 Ne7 47. Kd2 Ng8 48. Nf3 Kc6 49. Kc3 Kc7 50. Nd2 Ne7 51. Nb3 Nc8 52. Kd2 Ne7 53. Nc1 Nc8 54. Ne2 Kd7 55. Ng3 a5 56. Kc3 Ne7 57. bxa5 bxa5 58. Ne2 Nc6 59. Nc1 Ke7 60. Nb3 Kd7 61. Na1 Nb4 62. Nb3 Nc6 63. Kd2 Kd6 64. Kc3 Kd7 65. Nc1 Ke7 66. Ne2 Kf7 67. Ng3 Kg7 68. Nf1 Kf7 69. Nd2 Ke7 70. Nf3 Kd6 71. Kd2 Kd7 72. Ke3 Kd6 73. Nd2 Nb4 74. Nb3 Nc6 75. Kf3 Ke7 76. Kf2 Kd6 77. Kg3 Ke7 78. h5 Kf7 79. hxg6+ hxg6 80. Kf3 Ke7 81. Ke3 Kd6 82. Kd2 Kc7 83. Kc3 Kd7 84. Nd2 Ke7 85. Nf3 Kd6 86. Kc2 Nb4+ 87. Kd2 Nc6 88. Kc3 Kd7 89. Nh4 Ne7 90. Ng2 Nc6 91. Ne1 Nb4 92. Nf3 Nc6 93. Nd2 Kc7 94. Nb3 Kd7 95. Nc5+ Kd6 96. Nb3 Kd7 97. Nc5+ 1/2-1/2

[Event "POL-chT Academic"]
[Site "Katowice"]
[Date "2020.11.15"]
[Round "8.14"]
[White "Buraczewski, Rafal"]
[Black "Fraczek, Weronika"]
[Result "1/2-1/2"]
[WhiteElo "2147"]
[BlackElo "1867"]
[PlyCount "37"]
[EventDate "2020.11.14"]
[EventType "team-swiss (rapid)"]
[EventRounds "9"]
[EventCountry "POL"]
[SourceTitle "CBM 199 Extra"]
[Source "ChessBase"]
[SourceDate "2021.01.31"]
[SourceVersion "1"]
[SourceVersionDate "2021.01.31"]
[SourceQuality "1"]
[WhiteTeam "Gdansk Univ"]
[BlackTeam "Lublin Curie Sklodowska Univ"]
[WhiteTeamCountry "POL"]
[BlackTeamCountry "POL"]

1. d4 Nf6 2. c4 e6 3. Nf3 d5 4. Nc3 c6 5. Bg5 Be7 6. e3 Nbd7 7. Qc2 0-0 8. Rc1 Re8 9. h3 a6 10. Bd3 h6 11. Bf4 dxc4 12. Bxc4 b5 13. Bd3 Bb7 14. 0-0 c5 15. dxc5 Nxc5 16. Be2 Rc8 17. Rfd1 Qb6 18. Be5 Ncd7 19. Bd4 1/2-1/2

[Event "POL-chT Academic"]
[Site "Katowice"]
[Date "2020.11.14"]
[Round "1.14"]
[White "Fraczek, Weronika"]
[Black "Eggink, Ryszard"]
[Result "0-1"]
[WhiteElo "1867"]
[BlackElo "2387"]
[PlyCount "66"]
[EventDate "2020.11.14"]
[EventType "team-swiss (rapid)"]
[EventRounds "9"]
[EventCountry "POL"]
[SourceTitle "CBM 199 Extra"]
[Source "ChessBase"]
[SourceDate "2021.01.31"]
[SourceVersion "1"]
[SourceVersionDate "2021.01.31"]
[SourceQuality "1"]
[WhiteTeam "Lublin Curie Sklodowska Univ"]
[BlackTeam "Warszawa Univ"]
[WhiteTeamCountry "POL"]
[BlackTeamCountry "POL"]

1. e4 c5 2. Nf3 d6 3. d4 cxd4 4. Nxd4 Nf6 5. Nc3 a6 6. Bc4 e6 7. 0-0 b5 8. Bb3 Bb7 9. f3 Nbd7 10. Bg5 Be7 11. Kh1 0-0 12. Bxe6 fxe6 13. Nxe6 Qb6 14. Nxf8 Rxf8 15. Qd2 Ne5 16. b3 Rc8 17. Ne2 Qc5 18. Ng3 Qxc2 19. Qxc2 Rxc2 20. Rac1 Rxc1 21. Rxc1 Bd8 22. Be3 g6 23. Ne2 Kf7 24. Rd1 d5 25. exd5 Nxd5 26. Bd4 Bf6 27. Kg1 Ke6 28. Kf2 g5 29. h3 Nb4 30. a3 Nd5 31. Re1 Nd3+ 32. Kf1 Nxe1 33. Kxe1 Nf4 0-1